Bundesligaaufstieg - Statistiken

Allgemein
  • Dieses Quiz wurde 25 mal gespielt
  • Das Durchschnittsergebnis liegt bei 47 aus 104
Antwortstatistiken
Saison Gruppe -Tore- Punkte Antwort % Korrekt
73/74 1 25-5 13-3 SC Fortuna Köln
74%
73/74 1 10-35 2-14 Blau Weiss 90 Berlin
68%
66/67 1 17-8 8-4 Fortuna Düsselddorf
68%
71/72 2 19-7 14-2 Fortuna Düsseldorf
68%
66/67 1 8-11 5-7 Hertha BSC
68%
67/68 1 8-12 5-11 Hertha BSC
68%
68/69 2 12-7 11-5 Hertha BSC
68%
64/65 1 12-9 6-6 Tasmania Berlin
68%
69/70 2 5-17 4-12 Tasmania Berlin
68%
71/72 1 13-17 5-11 Tasmania Berlin
68%
72/73 1 8-27 5-11 Tasmania Berlin
68%
65/66 2 10-23 3-9 Tennis Borussia Berlin
68%
67/68 2 12-21 4-12 Tennis Borussia Berlin
68%
68/69 1 11-19 7-9 Tennis Borussia Berlin
68%
70/71 1 7-13 5-11 Tennis Borussia Berlin
68%
74/75 2 13-11 10-6 Tennis Borussia Berlin
68%
71/72 2 6-20 2-14 Wacker 04 Berlin
68%
72/73 2 8-29 5-11 Wacker 04 Berlin
68%
73/74 2 9-16 5-11 Wacker 04 Berlin
68%
74/75 1 13-18 7-9 Wacker 04 Berlin
68%
65/66 2 12-13 6-6 1.FC Saarbrücken
63%
67/68 2 15-15 8-8 1. FC Saarbrücken
63%
74/75 1 6-14 3-13 1. FC Saarbrücken
63%
68/69 1 17-10 10-6 Bayer 04 Leverkusen
63%
65/66 2 18-3 9-3 FC Bayern München
63%
64/65 2 15-6 10-2 Hannover 96
63%
67/68 1 14-14 7-9 SV Arminia Hannover
63%
68/69 1 7-13 4-12 SV Arminia Hannover
63%
71/72 2 14-10 7-9 1. FC Nürnberg
58%
74/75 1 18-12 11-5 1. FC Nürnberg
58%
66/67 2 12-11 5-7 1. FC Saarbrücken
58%
70/71 1 13-3 12-4 Arminia Bielefeld
58%
64/65 1 12-7 7-5 Bayern München
58%
65/66 1 17-7 8-4 Borussia Mönchengladbach
58%
74/75 1 13-6 11-5 Eintracht Braunschweig
58%
65/66 1 12-9 6-6 Holstein Kiel
58%
72/73 1 26-5 16-0 Wuppertaler SV
53%
64/65 2 10-12 4-8 Alemannia Aachen
47%
65/66 2 11-12 6-6 Alemannia Aachen
47%
67/68 2 23-14 12-4 Alemannia Aachen
47%
64/65 1 8-18 3-9 FC St Pauli
47%
66/67 2 10-8 8-4 FC St.Pauli
47%
71/72 2 10-14 8-8 FC St. Pauli
47%
72/73 2 7-16 7-9 FC St. Pauli
47%
73/74 1 23-18 10-6 FC St. Pauli
47%
74/75 2 16-17 5-11 FC St. Pauli
47%
69/70 1 16-10 11-5 Freiburger FC
47%
66/67 1 5-13 3-9 Kickers Offenbach
47%
67/68 2 15-10 10-6 Kickers Offenbach
47%
68/69 1 16-7 12-4 Kickers Offenbach
47%
70/71 2 17-8 12-4 Kickers Offenbach
47%
72/73 2 29-7 13-3 Kickers Offenbach
47%
66/67 2 10-6 8-4 Rot Weiss Essen
47%
68/69 2 9-9 9-7 Rot Weiss Essen
47%
69/70 2 28-9 14-2 Rot Weiss Essen
47%
72/73 2 22-6 13-3 Rot Weiss Essen
47%
73/74 2 23-8 14-2 Rot Weiss Essen
47%
69/70 1 17-9 11-5 Rot Weiss Oberhausen
47%
74/75 2 14-13 9-7 Rot Weiss Oberhausen
47%
67/68 1 13-9 10-6 Schwarz Weiss Essen
47%
70/71 2 14-7 9-7 VfL Bochum
47%
71/72 1 23-11 14-2 VfL Bochum
47%
73/74 1 17-11 9-7 1. FSV Mainz 05
42%
74/75 2 18-17 9-7 FC Augsburg
42%
73/74 2 18-14 8-8 SV Darmstadt 98
42%
64/65 1 9-7 8-4 Borussia Neunkirchen
37%
67/68 1 17-12 11-5 Borussia Neunkirchen
37%
71/72 2 11-9 9-7 Borussia Neunkirchen
37%
72/73 1 20-16 6-10 Borussia Neunkirchen
37%
74/75 2 8-11 7-9 Borussia Neunkirchen
37%
67/68 1 11-16 7-9 FC Bayern Hof
37%
68/69 2 12-14 5-11 FC Bayern Hof
37%
69/70 2 14-15 8-8 Karlsruher SC
37%
70/71 1 16-8 11-5 Karlsruher SC
37%
71/72 1 9-12 7-9 Karlsruher SC
37%
73/74 1 17-23 6-10 Karlsruher SC
37%
64/65 2 11-12 6-6 KSV Hessen Kassel
37%
72/73 1 18-17 5-11 SpVgg Bayern Hof
37%
69/70 1 10-28 1-15 VfB Lübeck
37%
70/71 2 13-21 6-10 VfL Wolfsburg
37%
64/65 2 10-16 4-8 FK Pirmasens
32%
66/67 1 10-8 8-4 FK Pirmasens
32%
70/71 2 12-23 5-11 FK Pirmasens
32%
71/72 1 11-14 7-9 FK Pirmasens
32%
69/70 2 13-8 11-5 VfL Osnabrück
32%
70/71 1 6-18 4-12 VfL Osnabrück
32%
71/72 1 11-13 7-9 VfL Osnabrück
32%
72/73 1 8-15 8-8 VFL Osnabrück
32%
73/74 2 12-17 6-10 VfL Osnabrück
32%
65/66 1 7-17 3-9 Wormatia Worms
32%
74/75 1 11-11 8-8 SG Wattenscheid 09
26%
65/66 1 8-11 7-5 SSV Reutlingen 05
26%
66/67 2 6-13 3-9 1. FC Schweinfurt 05
16%
72/73 2 14-22 2-14 SV Röchling Völklingen
16%
73/74 2 10-17 7-9 SV Röchling Völklingen
16%
67/68 2 9-13 6-10 Göttingen 05
11%
68/69 2 10-11 7-9 Göttingen 05
11%
69/70 1 15-16 7-9 Hertha Zehlendorf
5%
70/71 2 17-14 8-8 Hertha Zehlendorf
5%
68/69 2 12-14 8-8 SV Alsenborn
5%
69/70 1 20-15 10-6 SV Alsenborn
5%
70/71 1 12-12 8-8 SV Alsenborn
5%
68/69 1 6-8 7-9 TuS Neuendorf
5%
69/70 2 8-19 3-13 TuS Neuendorf
5%
Keine übereinstimmenden Quizze gefunden
Verteilung der Resultate
Anzahl Personen mit jedem Resultat
Perzentil nach korrekt beantworteten Fragen
Ihre Resultats-Entwicklung
Sie haben dieses Quiz noch nicht gespielt